00595nam a2200145Ia 4500008004100000050002300041100002300064245010900087260008600196300002000282521001500302942000700317999001900324952010600343140724s9999 xx 000 0 und d aTR 858b.Is81 2011 aIsidro, Reouben D. 2aA comparative study of visual effects used for the films :bResiklo and Ang Panday /cReouben D. Isidro. aLas Piñas, Philippines :bSouthville International School and Colleges,cc2011. a75 p. :c28 cm. aMedia Arts cTH c228749d228749 001040aCLbCLcTHESESd2014-07-24l0oTR 858 .Is81 2011pT0103r2018-05-15 00:00:00w2014-07-24yTH